| 000 | 00675nam a2200217Ia 4500 | ||
|---|---|---|---|
| 003 | OSt | ||
| 005 | 20220918105627.0 | ||
| 006 | a|||||r|||| 00| 0 | ||
| 007 | ta | ||
| 008 | 220915b |||||||| |||| 00| 0 eng d | ||
| 024 | _a60122 | ||
| 037 | _cReference Collections | ||
| 040 |
_aARTS _cARTS _beng |
||
| 041 |
_2eng _aeng |
||
| 082 | _aP15198a, G5.1,1(RR) | ||
| 245 | 0 | _aDICTIONARY OF Sinhalese language. D B Jayatilaka ed by AM Gunasekera. Compiled WilhelmGeiger | |
| 260 |
_aColombo _bThe Royal Asiatic Society Ceylon Branch _c1935 |
||
| 650 | _aLINGUISTICS | ||
| 942 |
_hP15198a, G5.1,1(RR) _cREF |
||
| 999 |
_c108591 _d108591 |
||